Методы структурного анализа материалов и контроля качества деталей (Запись № 10273198)

Подробности
000 -МАРКЕР
контрольное поле 02507nam0a2200349 i 4500
001 - ИДЕНТИФИКАТОР ЗАПИСИ
контрольное поле RU\NLR\BIBL_A\010827853
005 - ИДЕНТИФИКАТОР ВЕРСИИ
контрольное поле 20260408103006.0
021 ## - НОМЕР ГОСУДАРСТВЕННОЙ РЕГИСТРАЦИИ
Код страны российская федерация
Номер 2015-52304
Номер Листа государственной регистраци 3091
035 ## - ДРУГИЕ СИСТЕМНЫЕ НОМЕРА
Идентификатор записи (NILC)RuMoRGB-007976440
035 ## - ДРУГИЕ СИСТЕМНЫЕ НОМЕРА
Идентификатор записи (NLR Aleph) 010827853
100 ## - ДАННЫЕ ОБЩЕЙ ОБРАБОТКИ
Данные общей обработки 20150902d2015 k y0rusy50 ca
101 0# - ЯЗЫК РЕСУРСА
Язык текста, звукозаписи и т.д. русский
102 ## - СТРАНА ПУБЛИКАЦИИ ИЛИ ПРОИЗВОДСТВА
Страна публикации российская федерация
105 ## - ПОЛЕ КОДИРОВАННЫХ ДАННЫХ: ТЕКСТОВЫЕ МАТЕРИАЛЫ, МОНОГРАФИЧЕСКИЕ
Кодированные данные о монографическом текстовом документе a j 000yy
200 1# - ЗАГЛАВИЕ И СВЕДЕНИЯ ОБ ОТВЕТСТВЕННОСТИ
Основное заглавие Методы структурного анализа материалов и контроля качества деталей
Сведения, относящиеся к заглавию методические указания для самостоятельной работы студентов бакалавриата направления 150100
Первые сведения об ответственности М-во образования и науки Российской Федерации, Федеральное гос. бюджетное образовательное учреждение высш. проф. образования Нац. минерально-сырьевой ун-т "Горный", Каф. материаловедения и технологии художественных изделий
Последующие сведения об ответственности [сост. Л. Г. Борисова
-- науч. ред.: проф. Е.И. Пряхин]
210 ## - ПУБЛИКАЦИЯ, РАСПРОСТРАНЕНИЕ И ДР.
Место издания, распространения и т.д. Санкт-Петербург
Имя издателя, распространителя и т. д. РИЦ Национального минерально-сырьевого университета "Горный"
Дата издания, распространения и т.д. 2015
215 ## - ФИЗИЧЕСКАЯ ХАРАКТЕРИСТИКА
Специфическое обозначение материала и объем 73, [4] с.
Другие сведения о физической характеристике ил.
Размеры 21
320 ## - ПРИМЕЧАНИЯ О НАЛИЧИИ В ДОКУМЕНТЕ БИБЛИОГРАФИИ / УКАЗАТЕЛЯ
Текст примечания Библиогр. в конце кн. (6 назв.)
606 1# - НАИМЕНОВАНИЕ ТЕМЫ КАК ПРЕДМЕТ
Наименование темы Детали машин
Формальный подзаголовок Методические пособия
Тематический подзаголовок Технический контроль
Системный номер авторитетной/нормативной записи 942322
Идентификатор авторитетной/нормативной записи RU\NLR\AUTH\66348893
606 1# - НАИМЕНОВАНИЕ ТЕМЫ КАК ПРЕДМЕТ
Наименование темы Материалы
Формальный подзаголовок Методические пособия
Тематический подзаголовок Структура
-- Исследование
Системный номер авторитетной/нормативной записи 2269064
Идентификатор авторитетной/нормативной записи RU\NLR\AUTH\661360082
686 1# - ИНДЕКСЫ ДРУГИХ КЛАССИФИКАЦИЙ
Индекс К5-7я73-1
686 1# - ИНДЕКСЫ ДРУГИХ КЛАССИФИКАЦИЙ
Индекс Ж304-1с3я73-1
702 #1 - ИМЯ ЛИЦА - ВТОРИЧНАЯ ОТВЕТСТВЕННОСТЬ
Код отношения Составитель
Начальный элемент ввода Борисова
Часть имени, кроме начального элемента ввода Л. Г.
Дополнения к именам, кроме дат канд. пед. наук
Расширение инициалов личного имени Люция Геннадьевна
Системный номер авторитетной/нормативной записи 149501
Идентификатор авторитетной/нормативной записи RU\NLR\AUTH\770149537
702 #1 - ИМЯ ЛИЦА - ВТОРИЧНАЯ ОТВЕТСТВЕННОСТЬ
Начальный элемент ввода Пряхин
Часть имени, кроме начального элемента ввода Е. И.
Расширение инициалов личного имени Евгений Иванович
Код отношения Редактор
712 02 - НАИМЕНОВАНИЕ ОРГАНИЗАЦИИ - ВТОРИЧНАЯ ОТВЕТСТВЕННОСТЬ
Код отношения Прочие
Начальный элемент ввода "Горный", национальный минерально-сырьевой университет
Идентифицирующий признак Санкт-Петербург
Структурное подразделение Кафедра материаловедения и технологии художественных изделий
Идентификатор авторитетной/нормативной записи RU\NLR\AUTH\8810242139
Системный номер авторитетной/нормативной записи 370134
801 #0 - ИСТОЧНИК ЗАПИСИ
Страна российская федерация
Организация РГБ
Дата составления 20150715
Правила каталогизации RCR
942 ## - ДОПОЛНИТЕЛЬНЫЕ ЭЛЕМЕНТЫ ЗАПИСИ (АБИС)
Тип экземпляра АБИС Книга
980 ## - КОЛЛЕКЦИЯ
Название коллекции НБР

Нет доступных экземпляров.